000 00958nam0a22002531 4500
001 rc\2675976
005 20250623153219.0
035 _a(NLR Aleph) 006804424
090 _a6277630
_c6277630
100 _a20110915d1932 |||y0rusy50 ca
101 0 _arus
102 _aRU
105 _ay z |||||
200 1 _aЭкскурсия в типографию
_eОбъясн. брошюра к серии кинопленочных диапозитивов
_fБ. С. Перес
_gФабрика кинопленочных диапозитивов
210 _aМосква
_cСоюзкино
_d1932
_gтип. изд-ва "Крест. газета"
215 _a20 с.
_d15х11 см.
320 _aБиблиография: указания литературы (3 назв.)
700 1 _aПерес
_bБ.С.
_gБорис С.
801 0 _aRU
_bNLR
_gpsbo
801 1 _aRU
_bELAR
_2rusmarc
852 _aNLR
_j32-8/2677
942 _cBOOK
980 _aNB